| 000 | 00371nam a2200145Ia 4500 | ||
|---|---|---|---|
| 008 | 150201s2006 xx 000 0 und d | ||
| 082 |
_a612.015 _bB06M |
||
| 100 | _aMETZLER, DAVID E. | ||
| 245 | _aBIOCHEMISTRY: THE CHEMICAL REACTION OF LIVING CELLS-1 | ||
| 250 | _a2ND | ||
| 260 |
_bELSEVIER _aDELHI _c2006 |
||
| 300 | _a1-938 | ||
| 650 | _aBIOCHEMISTRY | ||
| 942 |
_2ddc _cBK |
||
| 999 |
_c281 _d281 |
||